000 01280nam a2200385 c 4500
001 12322
003 ES-MaCES
005 20141221122201.0
008 010627s2001 sp 100 | spa d
017 _aM 9099-2001
_bDL
020 _a8493048070
035 _aCES20010008930m
040 _aES-MaCES
_bspa
_cES-MaCES
111 2 _aJornadas "Familias: Diversidad de Modelos y Roles"
_d2000
_cMadrid
_9672
245 1 0 _aFamilias
_b: diversidad de modelos y roles : ponencias y conclusiones de las Jornadas desarrolladas en Madrid, los días 20 y 21 de octubre de 2000
260 _a[Madrid]
_bUnión de Asociaciones Familiares, U.N.A.F.
_c[2001]
300 _a325 p.
_c21 cm
504 _aBibliografía
541 _cGratuito
650 4 _afamilia
_927318
650 4 _amujeres
_928657
650 4 _atrabajadora madre de familia
_929565
650 4 _aorientación sexual
_930741
650 4 _aniños
_928517
650 4 _ainfancia
_928518
650 4 _ajuventud
_928522
650 4 _anorma social
_929391
650 4 _aEspaña
_926964
650 4 _aconferencia
_927013
653 1 0 _aAsuntos Sociales
710 2 _aUnión de Asociaciones Familiares
_eed.
_95086
902 _aLIB Libro
942 _2CES
_cBK
_h3.3.
999 _c12322
_d12322